From hierarchy to equity : subaltern insights into Tamil cultural milieu (Record no. 23601)

MARC details
000 -LEADER
fixed length control field 00364nam a22001337a 4500
082 ## - DEWEY DECIMAL CLASSIFICATION NUMBER
Classification number 305.894
Author Cutter XAV
100 ## - MAIN ENTRY--AUTHOR NAME
Author name Xavier
245 ## - TITLE STATEMENT
Title From hierarchy to equity : subaltern insights into Tamil cultural milieu
260 ## - PUBLICATION, DISTRIBUTION, ETC. (IMPRINT)
Place of publication Delhi
Name of publisher ISPCK
Year of publication 2025
300 ## - PHYSICAL DESCRIPTION
Number of Pages 233
650 ## - SUBJECT ADDED ENTRY--TOPICAL TERM
Topical Term Anthropology and Sociology/Caste, Class and Dalit Studies
942 ## - ADDED ENTRY ELEMENTS (KOHA)
Koha item type Books
Holdings
Home library Current library Shelving location Date acquired Source of acquisition Cost, normal purchase price Full call number Accession Number Koha item type
Henry Martyn Institute Library Henry Martyn Institute Library General stacks 10/03/2025 Director 450.00 305.894 XAV 11004888 Books
                   Copyright © 2026 | Henry Martyn Institute | Hyderabad | TS-500052 | INDIA | Implemented by hmi.edu.in
Hit-Count:

Powered by Koha